00357nam a22001457a 450000500170000000800410001702000180005804100080007608200090008410000290009324500230012226000330014530000090017865000240018720160520121316.0160520b xxu||||| |||| 00| 0 eng d a81-219-2524-X aeng b3475 aKhurmi R.S. & Gupta J.K. aTehory of Machines bEurasia Pub. House Pvt. Ltd. a1062 aDIPLOMA ENGINEERING